| 000 | 00321cam a2200121ua 4500 | ||
|---|---|---|---|
| 082 |
_a603 _bCRI/DI |
||
| 100 |
_aCrispin, Frederic Swing C.E . _91489 |
||
| 245 | _aDictionary of Technical Terms / | ||
| 250 | _a10 / | ||
| 260 |
_aNew Delhi : _bOxford & IBH Publishing company , _c1964. |
||
| 300 | _a455 ; . | ||
| 942 | _cREF | ||
| 999 |
_c9188 _d9188 |
||